00484 2200205 4500001002100000008004100021035002000062245004300082100001900125250000600144260003300150300001100183084001400194082000800208650001400216990001200230990001200242990001200254990001200266INLIS000000000000520 ind  a0010-0424000496 aRias Fantasi Tema FloracReni Fitriana aFitriana, Reni a1 aKlaten :bIntan Sejatic2015 a76 hlm a600 REN r a600 aNon Fiksi a0722108 a0722109 a0722110 a0722111